| 000 | 00567nam a2200181Ia 4500 | ||
|---|---|---|---|
| 008 | 100921s9999 xx 000 0 und d | ||
| 082 |
_b20539 _a891.463 थ 85 |
||
| 100 | _aकुलकर्णी पद्मा. | ||
| 245 | _aपरिमला. | ||
| 260 |
_bश्रद्धा प्रकाशन, मुंबई. _c1985 |
||
| 300 |
_a273 _b--- |
||
| 365 | _b60 | ||
| 520 | _aललित-कादंबरी. | ||
| 630 | _aपरिमला. | ||
| 650 | _aललित-कादंबरी. | ||
| 730 | _aपरिमला. | ||
| 942 | _cBOOK | ||
| 999 |
_c769652 _d769649 |
||